000 00581nam a2200181Ia 4500
001 3471
008 170215s1999 ii a g b000 u 465 u
082 _a954
100 _aKakati, Banikanta .
245 0 _aLiterary and Historical Works of Dr SK Bhuyan /
_cBanikanta kakati.
_hTextual Documents
250 _a1st ed. /
260 _aGauhati :
_bGrand-Son of Bhuyan ,
_c1999.
300 _a15p. :
_bill ;
_c28 cm. .
500 _aFour Copy only.
504 _aAn abridged and Consolidated bibliography compiled by the Author
653 _aHistory- Literary Works.
942 _2ddc
_cBK
999 _c3459
_d3459